Doing news framing analysis : empirical and theoretical perspectives
Αποθηκεύτηκε σε:
| Άλλοι συγγραφείς: | , |
|---|---|
| Μορφή: | Βιβλίο |
| Γλώσσα: | English |
| Δημοσίευση: |
London; New York :
Routledge,
2010
|
| Σειρά: | LEA's communication series
|
| Θέματα: | |
| Ετικέτες: |
Προσθήκη ετικέτας
Δεν υπάρχουν, Καταχωρήστε ετικέτα πρώτοι!
|
MARC
| LEADER | 00000nam a2200000 i 4500 | ||
|---|---|---|---|
| 001 | 1/52547 | ||
| 008 | 140805s2010 eng d | ||
| 020 | |a 978-0-415-99236-7 | ||
| 035 | |l 10118517 | ||
| 040 | |a GR-MY-UA |b gre |e aacr | ||
| 041 | 0 | |a eng | |
| 082 | 0 | |a 302.23 |2 (23) | |
| 245 | 1 | 0 | |a Doing news framing analysis : |b empirical and theoretical perspectives / |c edited by Paul D'Angelo and Jim A. Kuypers |
| 260 | |a London; New York : |b Routledge, |c 2010 | ||
| 300 | |a xiv, 376 σ.; |c 24 εκ. | ||
| 490 | 1 | |a Communication series | |
| 504 | |a Περιλαμβάνει βιβλιογραφικές αναφορές και ευρετήριο | ||
| 505 | 0 | |a Introduction : doing news framing analysis / Paul D'Angelo and Jim A. Kuypers -- Perspectives on frame building and frame definition. Finding frames in a web of culture : the case of the War on Terror / Stephen D. Reese -- Knowledge into action : framing the debates over climate change and poverty / Matthew C. Nisbet -- Strategies to take subjectivity out of framing analysis / Baldwin Van Gorp -- Of spreading activation, applicability, and schemas : conceptual distinctions and their operational implications for measuring frames and framing effects / Bertram T. Scheufele and Dietram A. Scheufele -- The oppositional framing of bloggers / Stephen D. Cooper -- Perspectives on framing effects. Studying the effects of issue framing on public opinion about policy issues : does what we see depend on how we look? / Paul R. Brewer and Kimberly Gross -- Framing the economy : effects of journalistic news frames / Claes H. de Vreese -- Specificity, complexity, and validity : rescuing experimental research on framing effects / Dhavan V. Shah ... [et al.] -- Framing the pictures in our heads : exploring the framing and agenda-setting effects of visual images / Renita Coleman -- Theoretical integration in news framing analysis. Researching political news framing : established ground and new horizons / Regina G. Lawrence -- Framing analysis as a rhetorical process / Jim A. Kuypers -- Framing through a feminist lens : a tool in support of an activist research agenda / Marie Hardin and Erin Whiteside -- Framing media power / Robert M. Entman -- Conclusion: arriving at the horizons of news framing analysis / Paul D'Angelo. | |
| 650 | 0 | 0 | |a Journalism |x Social aspects. |
| 650 | 0 | 0 | |a Journalism |x Objectivity. |
| 700 | 1 | |a D'Angelo, Paul. |4 edt | |
| 700 | 1 | |a Kuypers, Jim A. | |
| 830 | 0 | |a LEA's communication series | |
| 852 | |a INST |b LESVOS |e 20140805 |h 302.23 DOI |p 005100054443 |q 005100054443 |t BK |y 0 | ||
| 901 | |a BIBL1-2014-2 | ||
| 909 | |a Λ |b 189384 | ||
| 922 | |a 1ΕΛΗ |b 201406 |c ΤΠ |d ΔΙΑΔΡΟΜΕΣ | ||
| 970 | |a ΤΖΑΦΕΡΗ |b ΕΥΑΓΓΕΛΙΑ |z 2014/08/04 | ||